Quick Reasoning For Competitive Examinations/ (Record no. 210734)
[ view plain ]
| 000 -LEADER | |
|---|---|
| fixed length control field | 00644nam a22001817a 4500 |
| 005 - DATE AND TIME OF LATEST TRANSACTION | |
| control field | 20250403143325.0 |
| 010 ## - LCCN (DPL NO) | |
| LC control number | ENG-144467 |
| 020 ## - INTERNATIONAL STANDARD BOOK NUMBER | |
| Terms of availability | 180.00 |
| International Standard Book Number | 9789384741297 |
| 035 ## - SYSTEM CONTROL NUMBER | |
| System control number | EN-127999 |
| 037 ## - SOURCE OF ACQUISITION | |
| Source of stock number/acquisition | DBAD |
| 082 ## - DEWEY DECIMAL CLASSIFICATION NUMBER | |
| Classification number | 000 |
| 245 ## - TITLE STATEMENT | |
| Title | Quick Reasoning For Competitive Examinations/ |
| Statement of responsibility, etc | Edited By Sudhi Kant Bhardwaj |
| 260 ## - PUBLICATION, DISTRIBUTION, ETC. (IMPRINT) | |
| Place of publication, distribution, etc | New Delhi |
| Name of publisher, distributor, etc | Bhardwaj Publishing House |
| Date of publication, distribution, etc | 2018-19 |
| 270 ## - ADDRESS | |
| Address | RZ-40-A, Bindapur Matiyala Road, Subhash Park Extension II, Uttam Nagar |
| City | New Delhi |
| Postal code | 110059 |
| Telephone number | 9211251479 |
| -- | 9999375914 |
| 300 ## - PHYSICAL DESCRIPTION | |
| Extent | 304p. |
| Dimensions | 21cm(pb) |
| 700 ## - ADDED ENTRY--PERSONAL NAME | |
| Personal name | Bhardwaj, Sudhi Kant |
| Relator term | Author |
| 9 (RLIN) | 80210 |
| 942 ## - ADDED ENTRY ELEMENTS (KOHA) | |
| Source of classification or shelving scheme | Dewey Decimal Classification |
| Item type | English Books |
| Call number suffix | QUI |
| Classification part | 000 |
| Withdrawn status | Lost status | Not for loan | Collection code | Home library | Current library | Date acquired | Source of acquisition | Cost, normal purchase price | Full call number | Barcode | Copy number | Cost, replacement price | Koha item type |
|---|---|---|---|---|---|---|---|---|---|---|---|---|---|
| Non-fiction | Ashok Vihar | Ashok Vihar | 03/04/2025 | Delivery of Books Act Division | 180.00 | QUI 000 | EN-127999 | 1 | 180.00 | English Books |
